Responses for Show #3605 - Friday, April 14, 2000

Contestants

[<< previous game]

Katy Beebe, an English major from Belton, Missouri

Jason Karpf, a realtor from Thousand Oaks, California

Zach Martin, a U.S. Marine corporal originally from Seattle, Washington

[next game >>]

Jeopardy! Round responses

WORLD GEOGRAPHY
DICKENS NOVELS BY CHARACTERS
PLAYING DUMB
LANGUAGES
"IZ" IT
BIGGER THAN A BREADBOX
    $100 1
Brazil

Jason
    $100 3
"Oliver Twist"

Katy
    $100 13
Woody

Jason
    $100 8
English

Katy
    $100 18
Quiz

Katy
    $100 26
Air conditioner

Jason
    $200 2
Canada

Katy
    $200 4
"A Tale of Two Cities"

Katy
    $200 14
Bill & Ted's Excellent Adventure

Jason
    $200 9
Mexico

Zach
    $200 19
Gizmo

Jason
    $200 27
(Zach: What are washing machines?)

Dishwashers

ZachKaty
    $300 10
Pyrenees

Zach
    $300 5
"David Copperfield"

Katy
    $300 15
Larry Sanders

Jason
    $300 21
Asia

Katy
    $300 20
(Zach: Is it Bizet?)

Georges Bizet

Zach
    $300 28
Washing machine

Jason
    $400 11
Mount Ararat

Zach
    $400 6
"Great Expectations"

Katy
    $400 16
Roxanne

Jason
    $400 22
Dalmatian

Zach
    $400 24
(Katy: Who is Cortez?)

Francisco Pizarro

JasonKaty
    $1,000 29
"The Refrigerator"

Jason
    $500 12
Albania

Jason
    $500 7
(Alex: Katy, have you spent all of your life reading Dickens? My gosh - well done!)

"Nicholas Nickleby"

Katy
    $500 17
Buster Keaton

Katy
    $500 23
Icelandic

Katy
    $500 25
Mizzenmast

Zach
    $500 30
High-definition television

Zach

Scores at the first commercial break (after clue 15):

Zach Jason Katy
$900 $1,200 $1,800

Scores at the end of the Jeopardy! Round:

Zach Jason Katy
$2,400 $3,600 $3,000

Double Jeopardy! Round responses

THE AGE OF ENLIGHTENMENT
CLASSIC ALBUM ART
FOOD PEOPLE
OO...MEN
BIRDS
RECENT QUOTATIONS
    $200 1
Thomas Jefferson

Jason
    $200 2
Madame Tussaud's

Jason
    $200 16
Ginger Spice

Zach
    $200 18
Utah

Jason
    $200 26
Trumpeter swan

Katy
    $200 11
(Katy: What are public parks?)
(Zach: What are sidewalks?)

Streets

ZachKaty
Triple Stumper
    $400 6
Sir Isaac Newton

Zach
    $400 3
(Katy: Who is Jewel?)
(Zach: Who is... I can't remember her name!)

Joni Mitchell

ZachKaty
Triple Stumper
    $400 17
Tim Rice

Katy
    $400 22
(Zach: Who is....(time)?)

J. Edgar Hoover

ZachJason
    $400 28
Cobwebs

Triple Stumper
    $1,500 12
(Alex: When his wife, Elizabeth was running for president.)

Bob Dole

Jason
    $600 7
Catherine the Great

Katy
    $600 4
The Who

Jason
    $600 19
(Tim) Curry

Jason
    $1,500 23
(Alex: We have a minute to go.)

Declaration of Independence

Jason
    $600 29
Martins

Triple Stumper
    $600 13
Johnnie Cochran

Triple Stumper
    $800 8
France

Zach
    $800 5
Andy Warhol

Zach
    $800 20
Frank (Burns)

Katy
    $800 24
Jimmy Doolittle

Triple Stumper
    $800 30
Woodpecker

Triple Stumper
    $800 14
(Jason: Who is Gloria Steinem?)

Susan Faludi

ZachJason
    $1000 9
Immanuel Kant

Zach
    $1000 10
The Cars

Jason
    $1000 21
Dennis Farina

Jason
    $1000 25
Christopher Isherwood

Triple Stumper
    $1000 27
Grouse

Triple Stumper
    $1000 15
[Clue incomplete: remainder of clue inaudible when game was entered by archivist]

Ehud Barak

Jason

Scores at the end of the Double Jeopardy! Round:

Zach Jason Katy
$5,400 $11,000 $4,400
(lock game)

[wagering suggestions for these scores]

Final Jeopardy! Round responses

POTENT POTABLES
(Alex: They had to move their headquarters from Cuba to Bermuda when Castro came to power.)
KatyWhat is (B) Havana?
$4,400
ZachWhat is Bacardi?
$5,400
JasonWhat is Bacardi
$0
Bacardi

Final scores:

Zach Jason Katy
$10,800 $11,000 $0
2nd place: a trip to El Cid Mega Resort, Mazatlan, Mexico New champion: $11,000 3rd place: an Oz Airlines hot air balloon adventure over Southern California

Game dynamics:

Coryat scores:

Zach Jason Katy
$5,400 $8,400 $4,400
13 R,
4 W
22 R
(including 3 DDs),
1 W
16 R,
3 W

Combined Coryat: $18,200

[game clues] [game scores] [suggest correction]

Game tape date: 2000-02-02
The J! Archive is created by fans, for fans. Scraping, republication, monetization, and malicious use prohibited; this site may use cookies and collect identifying information. See terms. The Jeopardy! game show and all elements thereof, including but not limited to copyright and trademark thereto, are the property of Jeopardy Productions, Inc. and are protected under law. This website is not affiliated with, sponsored by, or operated by Jeopardy Productions, Inc. Join the discussion at JBoard.tv.